Beautiful Creatures Quiz Stats

 Plays Quiz not verified by Sporcle

Challenge
Share
Tweet
Embed
Score 0/22 Timer 10:00
0 Plays Today
Hint Answer % Correct
What's Ethan's best friend's name?Link
93.8%
What is Ethan's girlfriend's name?Lena
92%
What is Ethan's last name?Wate
90.3%
Where does Ethan live?Gatlin
85%
What is Link's real name?Wesley Lincoln
76.1%
What is the name of the plantation in which Lena lives?Ravenwood
64.6%
What type of Caster is Ridley?siren
64.6%
Instead of witch, what is Lena called?Caster
61.9%
What's the name of Lena's dog?Boo Radley
60.2%
What is Ethan's housekeeper/caregiver's name?Amma
58.4%
What is Lena's cousin's name?Ridley
58.4%
Hint Answer % Correct
What sport did Ethan play?basketball
56.6%
Who is Savannah's best friend?Emily
53.1%
What is Savannah's last name?Snow
51.3%
What is Lena's mother's name?Sarafine
46.9%
Instead of good and bad casters there are...light and dark
46.9%
What type of Caster is Lena?light and dark
46.9%
What was Lena's nickname when she was little?Lena Beana
44.2%
What Link's car's name?Beater
36.3%
Whats the name of Link's band?Holy Rollers
26.5%
Where is Cineplex located?Summerville
24.8%
What does Lena smell like?lemons and rosemarry
8%

You're not logged in!

Compare scores with friends on all Sporcle quizzes.
Join for Free
OR
Log In

You Might Also Like...

Show Comments

Extras

Created May 18, 2015ReportNominate
Tags:beautiful, creature

Top Quizzes Today


Score Distribution

Your Account Isn't Verified!

In order to create a playlist on Sporcle, you need to verify the email address you used during registration. Go to your Sporcle Settings to finish the process.

Report this User

Report this user for behavior that violates our Community Guidelines.

Details: